Gothic Romancies of the Brontë Sisters bakalárska práca

Na minha lista:
Detalhes bibliográficos
Autor principal: Kovalíková, Soňa
Autor Corporativo: Fakulta aplikovaných jazykov EU v Bratislave. Katedra jazykovedy a translatológie
Outros Autores: Adamcová, Silvia, 1984-
Formato: Livro
Idioma:inglês
Publicado em: Bratislava 2020
Tags: Adicionar Tag
Sem tags, seja o primeiro a adicionar uma tag!

MARC

LEADER 00000nbm a2200000 4500
001 0264383
005 20210331125539.3
041 0 |a eng 
044 |a SK 
245 1 0 |a Gothic Romancies of the Brontë Sisters  |b bakalárska práca  |c Soňa Kovalíková ; školiteľ: Silvia Adamcová 
264 1 |a Bratislava  |c 2020 
300 |a 56 s. 
100 1 |a Kovalíková, Soňa 
700 1 |a Adamcová, Silvia, 1984- 
710 2 |a Fakulta aplikovaných jazykov EU v Bratislave. Katedra jazykovedy a translatológie